| 000 | 01060nam a22003017a 4500 | ||
|---|---|---|---|
| 001 | 9984 | ||
| 003 | FISKH | ||
| 005 | 20260323162238.0 | ||
| 008 | 260323b cb ||||| |||| 00| 0 eng d | ||
| 020 | _a0764109952 | ||
| 040 |
_aFISKH _beng _cFISKH _dFISKH |
||
| 050 | _aHQ814 .T43 | ||
| 082 | _a306.89 | ||
| 100 |
_aThomas, Pat _eAuthor |
||
| 245 |
_aMy family's changing : _bA first look at family break up / _cPat Thomas ; illustrated by Lesley Harker |
||
| 260 |
_aNew York : _bBarron's Educational Series, Inc. , _c1998 |
||
| 300 |
_a29 pages : _bcolor illustrations ; _c21 x 24 cm |
||
| 490 | _aA first look at.. | ||
| 505 | _aN | ||
| 520 | _aThis book helps young children to deal with the challenges of making friends and maintaining friendships. It deals with issues such as jealousy and peer pressure. | ||
| 521 | 8 |
_a550
_bLexile estimate |
|
| 521 | 8 |
_aN
_bRaz-Plus |
|
| 650 |
_aFamily _vFamilies changing |
||
| 650 |
_aEmotions _vSocial skills |
||
| 700 |
_aHarker, Lesley _eIllustrator |
||
| 942 |
_2ddc _cBK _n0 |
||
| 999 |
_c9984 _d9984 |
||